Museo-Teatro Autónomo : instalación escénica de autonomías universitarias /

Đã lưu trong:
Chi tiết về thư mục
Tác giả chính: Villarreal, Alberto, 1977- (autor.)
Định dạng: eBook
Ngôn ngữ:Tiếng Tây Ban Nha
Được phát hành: Ciudad de México : Universidad Nacional Autónoma de México, 2022.
Phiên bản:Primera edición electrónica.
Loạt:Espejo del mundo.
Những chủ đề:
Truy cập trực tuyến:https://elibro.unach.elogim.com/es/lc/unach/titulos/279122
Các nhãn: Thêm thẻ
Không có thẻ, Là người đầu tiên thẻ bản ghi này!

MARC

LEADER 00000nam a2200000 i 4500
001 ELB279122
003 FINmELB
005 202507220000.0
006 m o d |
007 cr cnu||||||||
008 250720s2022 mx o 000 0 spa d
020 |a 9786073062466  |q (ebook) 
020 |z 9786073049535 
035 |a (OCoLC)1528758450 
040 |a FINmELB  |b spa  |e rda  |c FINmELB 
050 1 4 |a PN3191.M6  |b V555 2022 
080 |a 792.022 
082 0 4 |a 792.022  |2 23 
100 1 |a Villarreal, Alberto,  |d 1977-  |e autor. 
245 1 0 |a Museo-Teatro Autónomo :  |b instalación escénica de autonomías universitarias /  |c Alberto Villarreal. 
250 |a Primera edición electrónica. 
264 1 |a Ciudad de México :  |b Universidad Nacional Autónoma de México,  |c 2022. 
300 |a 1 recurso en línea 
336 |a texto  |b txt  |2 rdacontent/spa 
337 |a computadora  |b c  |2 rdamedia/spa 
338 |a recurso en línea  |b cr  |2 rdacarrier/spa 
490 1 |a Espejo del mundo 
500 |a Primera edición electrónica en formato ePub: 30 de junio de 2022. 
588 |a Descripción basada en metadatos suministrados por el editor y otras fuentes. 
590 |a Recurso electrónico. Santa Fe, Arg.: elibro, 2025. Disponible vía World Wide Web. El acceso puede estar limitado para las bibliotecas afiliadas a elibro. 
650 4 |a Teatro universitario  |z México. 
650 4 |a Universidad Nacional Autónoma de México  |x Autonomía. 
650 4 |a Actuación teatral  |x Filosofía. 
650 4 |a Teatro  |x Producción y dirección. 
655 4 |a Libros electrónicos. 
797 2 |a elibro, Corp. 
830 0 |a Espejo del mundo. 
856 4 0 |u https://elibro.unach.elogim.com/es/lc/unach/titulos/279122